Materiály k štúdiu anglického jazyka podľa tabuľkovej metódy Materiál č. 30

Bibliographic Details
Main Author: Vašek, Ivan (Author)
Format: Book
Language:Slovak
PhysicalDescription:39 s. 4°
Published: [Bratislava] Svet vedy 1967
Edition:Dopl. a rozš. vyd.
Subjects:

MARC

LEADER 00000nam a2200000 a 4500
001 vtls001466340
003 SK-MaSNL
005 20260301163419.0
008 240314s1967 xo r 0 slo
015 |a SNBA1968/04-00734 
035 |a SNK000421645 
040 |a SNK  |b slo  |c SNK  |e AACR2 
041 0 |a slo 
044 |a xo  |c SK 
080 |a 802.0  |2 1981 
100 1 |a Vašek, Ivan  |4 aut  |9 302624 
245 1 0 |a Materiály k štúdiu anglického jazyka podľa tabuľkovej metódy  |n Materiál č. 30  |c Ivan Vašek 
250 |a Dopl. a rozš. vyd. 
260 |a [Bratislava]  |b Svet vedy  |c 1967  |e [Bratislava]  |f [Západoslovenské tlačiarne 42] 
300 |a 39 s.  |c 4° 
500 |a Materiály nadväzujú na experiment, ktorého časť bola publikovaná v časopise Svet vedy v r. 1965 
650 0 7 |a angličtina  |x štúdium  |x metóda tabuľková  |x materiály  |2 SNK  |9 302625 
958 |a OND 
958 |a RM 
958 |a RK 
958 |a BQ 
999 |c 816992  |d 818922 
952 |t P60, <04>, [BOOK], {604}  |a SNK  |b SNK  |y VYP  |7 0  |p 17A0409653  |o snkSB 13821/30  |i snkKSP 2856/68  |0 0  |1 0  |4 0  |d 2004-01-15  |l 0  |r 2005-01-02 00:00:00  |w 2026-02-24 
952 |t P60, <04>, [BOOK], {604}  |a SNK  |b SNK  |y VYP  |7 0  |p 17A0409652  |o snkSB 13821/30 D2  |i snkKSP 3665/68  |0 0  |1 0  |4 0  |d 2004-01-15  |l 0  |r 2005-01-02 00:00:00  |w 2026-02-24 
952 |t P60, <04>, [BOOK], {604}  |a SNK  |b SNK  |y VYP  |7 0  |p 17A0409651  |o snkSB 13821/30 D3  |i snkKSP 3664/68  |0 0  |1 0  |4 0  |d 2004-01-15  |l 0  |r 2005-01-02 00:00:00  |w 2026-02-24 
952 |a SNK  |b SNK  |y PREZ  |7 0  |p 17A0839126  |o snkSB 13821/30  |0 0  |1 0  |4 0  |d 2012-07-23  |f 1  |l 0  |r 2025-03-14 00:00:00  |w 2026-02-24